| 000 | 01348cam a22003254a 4500 | ||
|---|---|---|---|
| 001 | 12317457 | ||
| 005 | 20240818092919.0 | ||
| 008 | 010221s2001 enka b 000 0 eng | ||
| 010 | _a 2001025395 | ||
| 020 | _a0521802091 | ||
| 040 |
_aDLC _cDLC _dDLC |
||
| 042 | _apcc | ||
| 050 | 0 | 0 |
_aQA188 _b.R34 2001 |
| 082 | 0 | 0 |
_a512.9434 _222 _bRAN |
| 245 | 0 | 0 |
_aRandom matrix models and their applications / _cedited by Pavel Bleher, Alexander Its. |
| 260 |
_aOxford ; _aNew York : _bCambridge University Press, _cc2001. |
||
| 300 |
_ax, 438 p. : _bill. ; _c25 cm. |
||
| 490 |
_aMathematical Sciences Research Institute publications ; _v40 |
||
| 504 | _aIncludes bibliographical references. | ||
| 650 | 0 |
_aRandom matrices. _96532 |
|
| 700 | 1 |
_aBleher, Pavel, _d1947- _96533 |
|
| 700 | 1 |
_aIts, Alexander R. _96534 |
|
| 856 | 4 | 2 |
_3Publisher description _uhttp://www.loc.gov/catdir/description/cam021/2001025395.html |
| 856 | 4 | 1 |
_3Table of contents _uhttp://www.loc.gov/catdir/toc/cam024/2001025395.html |
| 942 |
_2ddc _cBB _hRDA-MOD |
||
| 999 |
_c11920 _d11920 |
||
| 336 |
_2rdacontent _atext _btxt |
||
| 337 |
_aunmediated _2rdamedia _bn |
||
| 338 |
_avolume _bnc _2rdacarrier |
||